000 01639nam a2200373 i 4500
001 57257
003 CO-BoRNBP
005 20250610112429.0
007 ta
008 200425s2008 ck a br pdspa d spa
020 _a9789583002939
040 _aCO-BoRNBP
_bspa
_erda
_cCO-BoRNBP
041 0 _aspa
043 _as-ck---
084 _aP NIÑ1
100 1 _aNiño, Jairo Aníbal,
_d1941-2010
_eautor
245 1 3 _aLa alegría de querer
_bpoemas de amor para niños
_cJairo Aníbal Niño ; ilustrado por Patricia Acosta
250 _aEdición especial
264 1 _aBogotá, Colombia
_bPanamericana Editorial
_c2008
300 _a70 páginas
_bilustraciones a color
_c20 cm
336 _atexto
_btxt
_2rdacontent
337 _asin mediación
_bn
_2rdamedia
338 _avolumen
_bnc
_2rdacarrier
490 0 _aLiteratura juvenil
500 _aIncluye datos biográficos del autor
520 _aCon los poemas de la alegría de querer Jairo Aníbal Niño coloca el amor en su lugar de origen: en el corazón de los niños, al lado de los balones de fútbol, las lecciones de historia y los barquitos de papel. Y al tiempo que rinde un homenaje a la frescura de la juventud, recuerda a los adultos la maravilla de estar enamorado.
521 1 _aRecomendado para un público infantil mayor de 8 años.
650 0 0 _aPoesía infantil colombiana
_ySiglo XX
_2ARMARC
_92448
650 0 0 _aLiteratura infantil colombiana
_ySiglo XX
_2ARMARC
_9364
650 0 0 _aAmor en la litertura
_2ARMARC
_960132
650 0 0 _aAutores colombianos
_2ARMARC
_932
700 1 _aAcosta, Patricia
_eilustradora
_9373
942 _2loc
_cBKLITI
_n0
999 _c57257
_d57257